LEADER 01109nam--2200361---450- 001 990005964380203316 005 20140918135545.0 010 $a978-88-452-7375-9 035 $a000596438 035 $aUSA01000596438 035 $a(ALEPH)000596438USA01 035 $a000596438 100 $a20140918d2013----km-y0itay50------ba 101 0 $aita 102 $aIT 105 $a||||||||001yy 200 1 $a<> isola la donna il ritratto$evariazioni e intrecci letterari$fSergio Perosa 210 $aMilano$cBompiani$d2013 215 $a182 p.$d24 cm 225 2 $aStudi Bompiani$iStoria e critica letteraria 410 0$12001$aStudi Bompiani$iStoria e critica letteraria 606 0 $aLetteratura$xTemi [:] Donne 676 $a809.933522 700 1$aPEROSA,$bSergio$0163297 801 0$aIT$bsalbc$gISBD 912 $a990005964380203316 951 $aVIII.3. 1414$b245852 L.M.$cVIII.3.$d356274 959 $aBK 969 $aUMA 979 $aPASSARO$b90$c20140918$lUSA01$h1353 979 $aPASSARO$b90$c20140918$lUSA01$h1355 996 $aIsola, la donna, il ritratto$9172557 997 $aUNISA LEADER 04001 am 2200757 n 450 001 9910495948403321 005 20240104030454.0 010 $a2-8028-0507-X 024 7 $a10.4000/books.pusl.1674 035 $a(CKB)4100000008284034 035 $a(PPN)236711571 035 $a(FrMaCLE)OB-pusl-1674 035 $a(EXLCZ)994100000008284034 100 $a20190528j|||||||| ||| 0 101 0 $afre 135 $auu||||||m|||| 200 04$aLes sources du droit revisitées - vol. 1$eNormes internationales et constitutionnelles$fIsabelle Hachez, Yves Cartuyvels, Hugues Dumont, Philippe Gérard, François Ost, Michel Van de Kerchove 210 $aBruxelles$cPresses de l?Université Saint-Louis$d2018 215 $a1 online resource (692 p.) 311 $a2-87455-579-7 330 $aCette recherche collective ambitionne de revisiter les sources du droit, en ce compris les sources « nouvelles » dont on rend généralement compte sous le label « soft law ». L?importance et la diversité des enjeux théoriques et pratiques soulevés par cette entreprise, tout comme l?ampleur du matériau abordé, ont justifié la publication de quatre volumes. Si, à des fins avant tout pédagogiques, la classification des contributions suit la voie classique de la pyramide des normes, ce plan ne préjuge cependant nullement du contenu des analyses (qui, à bien des reprises, révèleront les « bougés » de la pyramide et la pertinence du modèle du droit en réseau). Ces quatre volumes sont le fruit de la collaboration du Séminaire interdisciplinaire d?études juridiques (SIEJ) et du Centre interdisciplinaire de recherches en droit constitutionnel et administratif (CIRC), tous deux ancrés aux Facultés universitaires Saint-Louis à Bruxelles. Ce premier volume porte sur les normes internationales et constitutionnelles. Il étudie plus précisément la nouvelle nomenclature des sources du droit européen, les principes généraux du droit et les coutumes de rang constitutionnel, ainsi que les actes de soft law qui se multiplient à tous ces niveaux. L?article 38 du Statut de la Cour international de justice et la notion de Constitution font pour leur part l?objet de deux contributions distinctes dans le volume 4. 606 $aLaw 606 $ainter normativité 606 $adroit international 606 $adoctrine juridique 606 $aphilosophie 606 $asource 615 4$aLaw 615 4$ainter normativité 615 4$adroit international 615 4$adoctrine juridique 615 4$aphilosophie 615 4$asource 700 $aBernard$b Diane$0753501 701 $aBlanchet$b Thérèse$0464508 701 $aBonbled$b Nicolas$01322693 701 $aBorn$b Charles-Hubert$01457598 701 $aBroux$b Pierre-Olivier de$01304799 701 $aCazala$b Julien$0604774 701 $aDetroux$b Luc$01283651 701 $aDumont$b Daniel$01322694 701 $aDumont$b Hugues$01233294 701 $aGuilloud$b Laetitia$0620558 701 $aKeller-Noëllet$b Jacques$0598634 701 $aKrenc$b Frédéric$01457599 701 $aMathy$b Irène$01325703 701 $aMisonne$b Delphine$01304308 701 $aSadeleer$b Nicolas de$0500086 701 $aScalia$b Damien$0514632 701 $aTulkens$b Françoise$0556199 701 $aVanneste$b Frédéric$0511755 701 $aVan Drooghenbroeck$b Sébastien$01307992 701 $aVan Leuven$b Nathalie$01457600 701 $avan Meerbeeck$b Jérémie$01304314 701 $aVelaers$b Jan$0599325 701 $aVerdussen$b Marc$0262641 701 $aHachez$b Isabelle$01307990 701 $aCartuyvels$b Yves$0603756 701 $aGérard$b Philippe$0421236 701 $aOst$b François$0406728 701 $aVan de Kerchove$b Michel$0281183 801 0$bFR-FrMaCLE 906 $aBOOK 912 $a9910495948403321 996 $aLes sources du droit revisitées - vol. 1$93657991 997 $aUNINA